000 00604nam a22002417a 4500
003 UA-OsUOA
001 22492
007 ta
008 20031221b un ||||| |||| 00| 0 ukr d
100 _aНовикова Л.И.
090 _a18
_bН73
942 _cBK
040 _aUA-OsUOA
_brus
_cUA-OsUOA
_dUA-OsUOA
245 _aЭстетика и техника: альтернатива или интеграция?
300 _a287 с.
955 _a0
041 _arus
080 _a18
260 _aМосква
_bПолитиздат
_c1976
044 _aRU
650 7 _2UDC
999 _c308712
_d308712